000 00861nam a22002897a 4500
001 BR7503707
003 BR-BrBNA
005 20230928084823.0
007 ta
008 230509b bl.||||| |||| 00| 0 por d
040 _aBR-BrBNA
_bpor
_cBiblioteca Nacional de Agricultura
041 _a(Por)
072 _aE10
_b/G514
090 _ E10 BR7503707
110 1 _aBanco do Nordeste do Brasil S.A., Fortaleza, CE. Depto. de Estudos Economicos do Nordeste
_91157
245 1 _aOportunidades de investimento no Nordeste. Perfis das empresas [Brasil]
260 3 _aFortaleza, CE (Brasil):
_c1975.
300 _a223 p.
650 _aEMPRESA AGRICOLA
650 _aINDUSTRIA
650 _aINVESTIMENTO
650 _aPOLITICA DE DESENVOLVIMENTO
650 _aDIRETRIZ
650 _aREGIAO NORDESTE
909 _a202309
_bLucia
_c55
_dLucia Elande
942 _cBK
999 _c21283
_d21283